000
00200 a2200097 4500
001
4463
100
_a
Smullin,L.D
245
_a
Microwave duplexers
260
_a
_b
Mcgrawhill
_c
090
_c
3661
_d
3661
942
_a
NUST-CAE
_c
M
_c
29569
999
_c
239536
_d
239536